000 00720nam a2200193 4500
001 135699
003 ES-MaACL
007 t|
008 070214s1953 sp r ||||1| spa d
100 1 _aRotondi, Mario.
_999982
245 1 0 _aInstituciones de Derecho Privado /
_cMario Rotondi ; prólogo, traducción de y concordancias al derecho español de Francisco F. Villavicencio.
260 _aBarcelona :
_bLabor,
_c1953.
300 _aXXXI, 679 p. ;
_c24 cm.
490 1 _aEnciclopedia de ciencias jurídicas y sociales
700 1 _aVillavicencio, Francisco F.
_9115191
830 0 0 _aEnciclopedia de ciencias jurídicas y sociales
_9183357
852 _aES-MaACL
_jC-5883
_bR.35328
999 _c135699
_d135699